00803nam a22002057a 450000500170000000800390001702000180005602000180007404000570009204100080014924500980015726000440025530000220029950400530032165000470037465000570042165000500047870000350052870000340056320140903174951.0131113s2013 enk frn 001 0deng a9780415837293 a9780415837309 aCO-BoUCMbspacAngélica RojasdAldemar Mondragón00aeng00aMeanings of audiences comparative discoursesceditado por Richard Butsch y Sonia Livingstone aAbingdon (Reino Unido)bRoutledgec2013 axi, 206 páginas aIncluye referencias bibliográficas e índices 7aMedios de comunicación de masasxCultura 7aMedios de comunicación de masasxAspectos sociales 7aMedios de comunicación de masasxAudiencias1 aButsch, Richardd1943-eeditor1 aLivingstone, Sonia M.eeditor